| 000 | 00452nab a2200145Ia 4500 | ||
|---|---|---|---|
| 003 | ES-SlBCS | ||
| 005 | 20230622161013.0 | ||
| 008 | 140529s1957 xxu||||| |||| 00| 0 ita d | ||
| 041 | _aita | ||
| 100 | 1 |
_aSorge, Carmelo _9199599 |
|
| 245 | 0 | 0 |
_aIl logos e gli opposti nel pensiero di Eraclito _c Carmelo Sorge |
| 600 | 0 | 0 |
_aHeráclito de Éfeso _9377771 |
| 773 | 0 |
_tGiornali di Metafisica _gvol. 12, nº. 3, 1957, págs. 367-383 _w0017-0372 |
|
| 942 | _cAR | ||
| 999 |
_c586807 _d586807 |
||